000 00666nam a22002297a 4500
005 20170124110254.0
010 _a989216
020 _c00.00
035 _a989216
037 _bCen Lib/Ret
040 _aDPL
_bEN
082 _a396.0954
_bOMV
100 _aOmvedt, Gail
_9107181
245 _aWe will smash this prison /
_cby Gail Omvedt
260 _aNew Delhi
_bOrient Longman
_c1979
270 _bNew Delhi
_a3/5 Asaf ali road
_e110002
300 _a189p.
_c21cm(Hb)
500 _aIncludes bibliographical references and glossary
650 _aLaw
_y
_z
_9107182
650 _aSocial status
_9107183
942 _2ddc
_cEN
_h396.0954
_mOMV
999 _c136105
_d136105